000 00323nam a2200133Ia 4500
008 260604s9999 xx 000 0 und d
020 _a9789349908161
082 _a891.433 CHA
100 _aCHANNA
_935304
245 0 _aNARI SAKTI:SAMAJA,ADHIKARA AURA SASAKTIKARANA
260 _bDPS
500 _aNari Sakthi
942 _cBK
999 _c8076
_d8076